Which Airlink station is this? - Statistics

General Stats
  • This quiz has been taken 37 times
  • The average score is 10 of 12
Answer Stats
Picture Answer % Correct
Stepford Central
100%
Stepford East
89%
Terminal 1
89%
Terminal 2
89%
Airport Central
86%
Morganstown
86%
Terminal 3
86%
Airport Parkway
82%
Berrily
82%
Elsemere Junction
82%
St Helens Bridge
82%
Leighton Stepford Road
79%
No matching quizzes found
Score Distribution
Percent of People with Each Score
Percentile by Number Answered
Your Score History
You have not taken this quiz